000 00284nam a2200109Ia 4500
008 190902s9999||||xx |||||||||||||| ||und||
100 _aM. Ali Kettani
245 0 _aMuslim Minorities In The World Today
260 _aKarachi
_bBegum Aisha Bawany Waqf
_c268
300 _a1990
942 _cBK
999 _c2648
_d2648